Biggest Cities Beginning With 'W' - Statistics

General Stats
  • This quiz has been taken 53 times
  • The average score is 15 of 75
Answer Stats
Population Country City % Correct
1,790,658 Poland Warsaw
100%
7,541,527 China Wŭhàn
92%
689,545 United States Washington D.C
88%
215,100 New Zealand Wellington
85%
705,244 Canada Winnipeg
69%
634,893 Poland Wrocław
69%
325,858 Namibia Windhoek
60%
2,686,825 China Wēnzhōu
52%
206,518 United States Worcester
46%
101,659 United Kingdom Worcester
46%
252,791 United Kingdom Wolverhampton
40%
2,757,736 China Wúxī
40%
115,451 United States Wilmington
38%
360,797 Germany Wuppertal
38%
363,382 Nigeria Warri
35%
217,188 Canada Windsor
35%
397,532 United States Wichita
33%
102,316 United States Wichita Falls
31%
261,896 Australia Wollongong
31%
116,317 United States Westminster
29%
249,545 United States Winston-Salem
29%
272,432 Germany Wiesbaden
27%
123,064 Germany Wolfsburg
27%
165,456 United Kingdom Warrington
21%
125,707 United Kingdom Watford
21%
136,660 Curaçao (Netherlands) Willemstad
21%
1,108,087 China Wúhú
21%
104,986 Canada Waterloo
19%
118,331 South Sudan Wau
19%
1,261,582 China Wéifāng
19%
175,405 United Kingdom Wigan
19%
133,731 Germany Würzburg
19%
138,486 United States Waco
17%
424,734 China Wúzhōu
17%
172,141 United Kingdom Walsall
15%
140,230 United States West Valley City
15%
116,961 United States West Jordan
13%
117,415 United States West Palm Beach
13%
103,932 United Kingdom Woking
13%
139,387 United States Warren
10%
114,403 United States Waterbury
10%
109,501 United States West Covina
8%
698,863 China Wēihăi
6%
749,013 China Wēnlĭng
6%
135,618 United Kingdom West Bromwich
6%
101,247 Germany Witten
6%
329,207 North Korea Wŏnsan
6%
351,000 Japan Wakayama
4%
120,339 Poland Włocławek
4%
331,370 China Wŭwēi
4%
127,431 Poland Wałbrzych
2%
557,802 India Warangal
2%
347,484 China Wèinán
2%
211,014 South Africa Welkom
2%
310,200 China Wénchāng
2%
502,704 China Wūhăi
2%
138,500 China Wŭyíshān
2%
338,700 China Wúzhōng
2%
181,212 Jordan Wādī as Sīr
0%
289,482 Sudan Wad Madanī
0%
413,921 China Wăfángdiàn
0%
299,400 China Wànníng
0%
171,000 China Wànyuán
0%
113,759 India Wardha
0%
102,444 Pakistan Wazirabad
0%
222,800 China Wèihuī
0%
229,430 China Wénshān
0%
139,004 Indonesia Weru
0%
354,376 South Korea Wŏnju
0%
293,151 China Wŭ'ān
0%
259,836 China Wŭcháng
0%
332,672 China Wúchuān
0%
148,465 China Wŭdàliánchí
0%
354,100 China Wŭgāng
0%
270,882 China Wŭxué
0%
No matching quizzes found
Score Distribution
Percent of People with Each Score
Percentile by Number Answered
Your Score History
You have not taken this quiz